Présent ou absent? - Statistiques

Statistiques générales
  • Ce quiz a été pris 365 fois
  • Le résultat moyen est 9 sur 16
Statistiques - réponses
Question Réponse % Correct
La lettre grecque Oméga sur le logo de Wikipédia. Présent
77%
Le taureau sur le drapeau de l'Espagne Absent
69%
Le professeur James Moriarty dans Le Chien des Baskerville Absent
69%
Un chanteur non-européen dans la liste des vainqueurs de l'Eurovision Présent
69%
Berlioz dans un Classique d'Animation Disney Présent
62%
Une chanson asiatique en n°1 des charts américain Présent
62%
Albert Einstein au Congrès Solvay de 1927 Présent
62%
Michel Platini dans les Enfoirés Présent
54%
Edgar Allan Poe sur l'illustration de l'album Sgt. Pepper's Lonely Heart Club Band des Beatles Présent
54%
Yves Montand dans La Grande Vadrouille Absent
46%
Albus Dumbledore dans Harry Potter et les Reliques de la Mort Présent
46%
Duke Ellington dans la chanson La Boîte de Jazz de Michel Jonasz Présent
46%
Pelé lors de la finale de la Coupe du Monde de la FIFA en 1962 Absent
38%
Led Zeppelin au festival de Woodstock de 1969 Absent
38%
Cliff Burton dans le line-up originel de Metallica Absent
31%
Le Xénomorphe d'Alien dans le top 10 de la liste des meilleurs méchants de cinéma de l'American Film Institute Absent
31%
Aucun quiz correspondant
Distribution des résultats
% des personnes avec chaque résultat
Percentile par nombre de réponses
Votre historique - résultats
Vous n’avez pas pris ce quiz